Uchhatar hichap bigyan (Record no. 6054)

MARC details
000 -LEADER
fixed length control field 00494cam a2200193ua 4500
008 - FIXED-LENGTH DATA ELEMENTS--GENERAL INFORMATION
fixed length control field 140307n ii |||gr||||Z||||||asm
040 ## - CATALOGING SOURCE
Transcribing agency MAIN
082 ## - DEWEY DECIMAL CLASSIFICATION NUMBER
Classification number 657.046
245 ## - TITLE STATEMENT
Title Uchhatar hichap bigyan
Statement of responsibility, etc. By Hem Barua
250 ## - EDITION STATEMENT
Edition statement 1st ed /
Remainder of edition statement Vol. I.
260 ## - PUBLICATION, DISTRIBUTION, ETC.
Place of publication, distribution, etc. Guwahati:
Name of publisher, distributor, etc. Jyoti prakashan,
Date of publication, distribution, etc. 1993.
300 ## - PHYSICAL DESCRIPTION
Extent x,130p.
700 ## - ADDED ENTRY--PERSONAL NAME
Personal name Barua,Hem,
Relator term
700 ## - ADDED ENTRY--PERSONAL NAME
Personal name Deka,Parag kumar,
Relator term
942 ## - ADDED ENTRY ELEMENTS (KOHA)
Koha item type Books
653 ## - INDEX TERM--UNCONTROLLED
Uncontrolled term Accounting
653 ## - INDEX TERM--UNCONTROLLED
Uncontrolled term Uchhatar hichap bigyan
Holdings
Withdrawn status Lost status Damaged status Not for loan Home library Current library Shelving location Date acquired Total Checkouts Full call number Barcode Date last seen Copy number Price effective from Koha item type
        Naharkatiya College Library Naharkatiya College Library General Stacks 19/09/2020   657.046 | BAR 13073 19/09/2020 1 19/09/2020 Books

Naharkatiya College © 2020. All rights reserved.

Powered By